| 000 | 01127nam a22003377a 4500 | ||
|---|---|---|---|
| 003 | CHAP | ||
| 005 | 20220329133648.0 | ||
| 008 | 971013s1989 r 00010 d | ||
| 010 | _a9182 | ||
| 011 | _a10154 | ||
| 035 | _a9391 | ||
| 040 | _cCHAP | ||
| 082 |
_a635.903 _bG32 |
||
| 245 | _aGardeners' encyclopedia of plants and flowers | ||
| 260 |
_aLondon : _bDorling Kindersley, _c1989 |
||
| 300 |
_a608 p. _b: ilus |
||
| 590 |
_aBATCH-UPD _b10 _c20130110 _lUCH01 _h0221 |
||
| 590 |
_aBATCH-UPD _b10 _c20130110 _lUCH01 _h1627 |
||
| 590 |
_aBATCH-UPD _b10 _c20130409 _lUCH01 _h2242 |
||
| 590 |
_aBATCH-UPD _b10 _c20130410 _lUCH01 _h1021 |
||
| 590 |
_aBATCH-UPD _b10 _c20130914 _lUCH01 _h0727 |
||
| 590 |
_aCONVERSION _b10 _c20130109 _lUCH01 _h1306 |
||
| 650 | 1 | 4 |
_aBotánica _xDiccionarios. _914530 |
| 650 | 1 | 4 |
_aJardinerÃa _xDiccionarios. _961144 |
| 650 | 1 | 4 |
_aPlantas ornamentales _xDiccionarios. _989061 |
| 700 | 0 |
_aBrickell, Christopher _eed. _915311 |
|
| 710 | 0 |
_aRoyal Horticultural Society. London. _9100393 |
|
| 901 | _aBK | ||
| 942 | _cLIBRO | ||
| 949 |
_a635.903 G32 _bBC _cC _d33724000421350 _eC _gI.170410 _h85588 _i9391 _si _t180.50 |
||
| 999 |
_c9182 _d9182 |
||